000 01178nam a2200313 i 4500
001 015785519
003 EG-ScBUE
005 20250701094820.0
008 110404r2011 enka f b f001 0 eng d
020 _a9780521349475 (pbk.)
020 _a0521349478 (pbk.)
040 _aStDuBDS
_beng
_erda
_cStDuBDS
_dEG-ScBUE
082 0 4 _a539.75
_222
_bAKK
100 1 _aAkkermans, E.
_q(Eric)
_eauthor.
_937439
245 1 0 _aMesoscopic physics of electrons and photons /
_cEric Akkermans, technion, Israel Institute of Technology, Gilles Montambaux, CNRS, Universite Paris-Sud.
264 _aCambridge, United Kingdom :
_bCambridge University Press,
_c2011.
300 _axviii, 588 pages :
_billustrations ;
_c25 cm
336 _2rdacontent
_atext
_btxt
337 _aunmediated
_2rdamedia
_bn
338 _avolume
_bnc
_2rdacarrier
500 _aIncludes appendixes.
504 _aIncludes bibliographical references and index.
650 7 _aMesoscopic phenomena (Physics)
_2BUEsh
_937440
650 7 _aQuantum theory.
_2BUEsh
_91883
653 _bENGELC
_cFebruary2015
655 _vReading book
_934232
700 1 _aMontambaux, G.
_q(Gilles)
_eauthor.
_937441
942 _2ddc
_cBB
999 _c18991
_d18963